Postacie w "Bojack horseman" - Statystyki

Ogólne statystyki
  • Ten quiz został rozwiązany 95 razy
  • Średni wynik to 5 z 30
Statystyki odpowiedzi
Opis Postać % Poprawnych
1. Gwiazda filmowa w latach 90-dziesiątych. Występował w serialu "Rozbrykani" czy "Philbert" Bojack horseman
99%
3. Agentka i menadżerka między innymi numeru 1 i wielu innych gwiazd Hollywood. Była dziewczyna numeru 1 Princess carolyn
55%
4. Również jak numer 1 gwiazda filmowa z lat 90. Startował na gubernatora Kalifornii. Razem z numerem 1 grał w "Philbercie". Mr. Peanutbutter
51%
5. Była żona numeru 4. Pisarka widmo, była ekspert do spraw nowych mediów i konsultant na planie Philberta i sekretariata Diane nguyen
50%
10. Serialowa córka numeru 1. Gwiazda popu. Umarła z przedawkowania narkotyków. Sarah lynn
40%
2. Spał na kanapie numeru 1. Stworzył własny park rozrywki i zarobił miliony na aplikacji taksówkarskiej. Był gubernatorem Kalifornii przez kilkanaście sekund. Tod Chavez
36%
16. Reżyser "rozbrykanch", zmarł po kontakcie z ciężarówką przewożącą orzeszki gdyż był na nie uczulony. Herb Kazzaz
26%
7. Znana, ceniona epizodyczna aktorka o słabych nerwach. Pomagała numerowi 1 by zepsuć operę rockową numeru 2. Margo Martindale
21%
9. Największy wróg numeru 3, obecny wspólnik numeru 8. Agent. Vanessa Gekko
21%
14. Były asystent numery 3. Jest bardzo poukładany i bierze wszystko dosłownie. Judah
20%
6. Uważała się za córkę osoby z numeru 1 jednak jest jego siostrą. Jest adoptowaną córką ośmjo osobowego gejowskiego związku Hollyhock Manheim-Mannheim-Guerrero-Robinson-Zilberschlag-Hsung-Fonzerelli-McQuack
15%
12. Były chłopak numeru 3. (Trzech chłopców po płaszczem ustawionych na sobie) Vincent dorosły pan
11%
19. Była dziewczyna numeru 2. Twórczyni aplikacji randkowej dla strażaków i innej dla aseksulistów Emily
10%
23. Druga żona numeru 4 Jessica Biel
9%
20. Reżyser wielu hitowych filmów nisko budżetowych. Również reżyserowała między innymi "sekretariata" Kelsey Jannings
8%
18. Reżyser "Philberta". Flip
6%
13. Była i serialowa dziewczyna numeru 1. Grała w wielu serialach ale wybiła się na Philbert -cie. Giną cazador
5%
27. Pisarz i reżyser. Autor między innymi teleturnieju "Gwiazdy Hollywood. Czy oni coś wiedzą? Czy oni w ogóle coś wiedzą? Sprawdźmy to". J.D. Salinger
5%
22. Pierwsza żona numeru 4 Katrina
5%
24. Byłą asystentka numeru 3. Laura
5%
30. Córka numeru 29. Penny Carson
5%
11. Serialowy syn numeru 1. Posiadacz sklepu z narzędziami. Bradley Hitler-Smith
4%
15. Była rzeczniczka prasowa i kochanka numeru 1. Ana Spanakopita
3%
29. Była dziewczyna numeru 16. Mieszka w nowym Meksyku i posiada sklep cytując z "meksykańskimi bzdurami". Charlotte Carson
3%
28. Biologiczna matka córki numeru 3. Sadie
3%
21. Córka numeru 20 Irving Jannings
1%
17. Starsza, serialowa córka numeru 1. Gra w teatrze w Anglii. Joelle Clarke
1%
8. Były wspólnik numeru 3 i również były kochanek. Obecnie agent. Kutabaga
1%
25. Grał kiedyś gubera w rozbrykanch Ritchie Osbourne
1%
26. Najlepsza przyjaciółka numeru 5. Roxy
1%
Nie znaleziono quizów pasujących do podanych kryteriów
Rozkład punktacji
Procent ludzi z każdym wynikiem
Percentyl według liczby udzielonych odpowiedzi
Twoja historia wyników
Nie rozwiązałeś tego quizu